000 00972nam a2200265Ia 4500
003 OSt
005 20221005112637.0
006 a|||||r|||| 00| 0
007 ta
008 221004b |||||||| |||| 00| 0 pan d
020 _a9789385646386 (hbk)
_cINR 195.00
024 _a39135
037 _b235, 17/03/2018, National Book Shop
_cTextual
040 _aCRL
_cCRL
_bpan
041 _2pan
_apan
082 _aO153,6x, Q7
100 _aਜੌਹਲ, ਗੁਰਦੇਵ ਸਿੰਘ, ਂਚ.
245 0 _aਹੁਣ ਪਿੰਡ ਨਹੀ੍ਵ ਜਾਇਆ ਜਾਣਾ
260 _aਜਲੰਧਰ
_bਦੀਪਕ ਪਬਲਿFਰਗ਼ ਭਾਰਤ
_c2017
300 _a111ਪ0
_ccm.
650 _a ਪੰਜਾਬੀ ਨਿਬੰਧ
650 _aਪੰਜਾਬੀ ਸਾਹਿਤ
942 _hO153,6x, Q7
_cTEXL
_2cc
999 _c1025507
_d1025507